00898nam a22001457a 4500008004100000020001800041082001900059100001800078245005000096260004500146300001900191505035000210650015800560700003400718180427b xxu||||| |||| 00| 0 eng d a9786070302992 a370.981bF866e aFreire, Paulo aLa educación como práctica de la libertad aMéxicobSiglo Veintiuno Editoresc2011 a150 p.c21 cm. tEducación y concienciaciónrJulio BarreirotCanção para os fonemas de alegriarThiago de MellotAgradecimientotAclaraciónt1. La sociedad brasileña en transiciónt2. Sociedad cerrada e inexperiencia democráticat3. Educación versus masificaciónt4. Educación y concienciat5. Ejecución prácticatApéndicetNota final 2EducaciónxSociología de la educaciónxEducación - aspectos socialesxEducación y libertadzEducación - BrasilzBrasil - condiciones sociales aRonzoni, Lilién (Traductor)